000 00498cam a2200169ua 4500
001 6177
008 131120n ii |||gr||||Z||||||eng
040 _cMAIN
082 _a657
245 1 1 _aProblems and solutions in advanced accountancy :
_bVolume I /
_cBy N. Maheswari .
260 _aNew Delhi:
_bVikas Publishing House PVT LTD,
_c1989.
300 _ax,532p.
653 _aCommerce
653 _aProblems and solutions in advanced accountancy
700 1 _aMaheswari,N.,
_eAuthor.
942 _cBK
999 _c5329
_d5329